Complete the Card - WWE Clash at the Castle - Statistics

General Stats
  • This quiz has been taken 216 times
  • The average score is 18 of 24
Answer Stats
Hint Answer % Correct
Undisputed WWE Universal Championship Match Roman Reigns
99%
Undisputed WWE Universal Championship Match Drew McIntyre
98%
WWE Intercontinental Championship Match Gunther
90%
WWE Intercontinental Championship Match Sheamus
90%
Six-Woman Tag Team Match Bayley
86%
WWE SmackDown Women's Championship Match Liv Morgan
85%
Six-Woman Tag Team Match Iyo Sky
83%
Six-Woman Tag Team Match Bianca Belair
82%
Six-Woman Tag Team Match Dakota Kai
81%
Tag Team Match Damian Priest
80%
Tag Team Match Finn Bálor
80%
Tag Team Match Edge
78%
Tag Team Match Rey Mysterio
78%
Singles Match Seth Rollins
78%
Six-Woman Tag Team Match Asuka
76%
Six-Woman Tag Team Match Alexa Bliss
72%
Singles Match Matt Riddle
69%
WWE SmackDown Women's Championship Match Shayna Baszler
66%
Six-Man Tag Team Match (Kickoff Show) Montez Ford
62%
Six-Man Tag Team Match (Kickoff Show) Angelo Dawkins
61%
Six-Man Tag Team Match (Kickoff Show) Chad Gable
56%
Six-Man Tag Team Match (Kickoff Show) Otis
56%
Six-Man Tag Team Match (Kickoff Show) Austin Theory
50%
Six-Man Tag Team Match (Kickoff Show) Madcap Moss
34%
No matching quizzes found
Score Distribution
Percent of People with Each Score
Percentile by Number Answered
Your Score History
You have not taken this quiz